| 000 | 00999cam a22002652 4500 | ||
|---|---|---|---|
| 001 | 2056 | ||
| 003 | BD-RjUL | ||
| 005 | 20211208233455.0 | ||
| 008 | 131210s1956 nyuac b 001 0aeng d | ||
| 035 | _a(BD-RjUL)2083 | ||
| 040 |
_aDLC _cCarP _dDLC _dBD-RjUL _beng |
||
| 041 | _aeng | ||
| 082 |
_220 _a330 _bMAM 1956 |
||
| 100 | 1 |
_aMarshall, Alfred, _d1842-1924. _96728 |
|
| 245 | 0 | 0 |
_aMemorials of Alfred Marshall / _cedited by A.C. Pigou. |
| 260 |
_aNew York, _bKelley & Millman, _c1956. |
||
| 300 |
_aix, 518 p.: _bports., diagrs.; _c22 cm. |
||
| 505 | 0 | _aIn memoriam, by J.M. Keynes and others.--Selections from Alfred Marshall's writings.--Letters.--Marshall's 80th birthday.--Bibliographical list of the writings of Alfred Marshall, by K.M. Keynes (p. [505]-508) | |
| 600 |
_dMarshall, Alfred -- (1842-1924). _96728 |
||
| 650 | 0 |
_aEconomics. _96729 |
|
| 700 | 1 |
_aPigou, A. C. _q(Arthur Cecil), _d1877-1959, _eed. _96471 |
|
| 942 |
_2ddc _cBK |
||
| 999 |
_c2056 _d2056 |
||